[Event "Krajsky prebor jednotlivcu KHSS"]
[Site "Janske Lazne"]
[Date "2015.05.10"]
[Round "8.24"]
[White "Cerny, David"]
[Black "Vorisek, Jakub"]
[Result "1-0"]
[WhiteElo "1787"]
[BlackElo "1675"]
[PlyCount "41"]
[EventDate "2015.05.05"]

1. e4 e5 2. Nf3 Nc6 3. d4 exd4 4. Nxd4 Bc5 5. Be3 Qf6 6. c3 Nge7 7. Bc4 Ne5 8.
Bb3 Qg6 9. O-O d6 10. f3 O-O 11. Na3 Bxa3 12. bxa3 a6 13. Qd2 Kh8 14. f4 N5c6
15. f5 Qf6 16. Bg5 Qe5 17. f6 Ng8 18. fxg7+ Kxg7 19. Nf5+ Bxf5 20. Rxf5 Qxe4
21. Bf6+ 1-0

[Event "Krajsky prebor jednotlivcu KHSS"]
[Site "Janske Lazne"]
[Date "2015.05.10"]
[Round "8.25"]
[White "Nosek, Jan"]
[Black "Tsapanidis, Vasilis"]
[Result "0-1"]
[WhiteElo "1833"]
[BlackElo "1795"]
[PlyCount "102"]
[EventDate "2015.05.05"]

1. e4 e6 2. d4 d5 3. Nd2 Nf6 4. e5 Nfd7 5. Bd3 c5 6. c3 Nc6 7. Ne2 cxd4 8. cxd4
Be7 9. Nf3 O-O 10. O-O f6 11. exf6 Nxf6 12. Bg5 Qb6 13. b3 Ba3 14. Bc1 Bd6 15.
Bf4 Bxf4 16. Nxf4 Nb4 17. Bb1 Ne4 18. Ne2 Nf6 19. a3 Nc6 20. Bd3 Bd7 21. Qd2
Rac8 22. b4 a6 23. Nc3 Qc7 24. Rac1 b5 25. Rfe1 Ng4 26. Ne5 Rxf2 27. Ne2 Ngxe5
28. dxe5 Rcf8 29. Qe3 Qxe5 30. Qxf2 Rxf2 31. Kxf2 Qf6+ 32. Kg1 e5 33. Rc5 Ne7
34. Rf1 Qb6 35. Kh1 e4 36. Bc2 Qd6 37. Bb3 g6 38. Rd1 Be6 39. Nc3 Qf4 40. Nxd5
Nxd5 41. Bxd5 Bxd5 42. Rcxd5 e3 43. Rd8+ Kg7 44. Re8 Qf2 45. Rg1 Kf7 46. Re4 e2
47. Re5 h5 48. h3 g5 49. g3 h4 50. g4 Qf3+ 51. Rg2 Qf1+ 0-1

[Event "Krajsky prebor jednotlivcu KHSS"]
[Site "Janske Lazne"]
[Date "2015.05.10"]
[Round "8.26"]
[White "Dumkova, Daniela"]
[Black "Jina, Lubos"]
[Result "1-0"]
[WhiteElo "1698"]
[BlackElo "1772"]
[PlyCount "119"]
[EventDate "2015.05.05"]

1. Nf3 Nf6 2. c4 e6 3. d4 d5 4. Nbd2 Be7 5. e3 O-O 6. Qc2 h6 7. Bd3 Nc6 8. a3
Na5 9. cxd5 exd5 10. b4 Nc6 11. O-O Bd6 12. Bb2 Ne7 13. b5 Bd7 14. Ne5 c6 15.
bxc6 Bxc6 16. Nxc6 Nxc6 17. Bf5 Ne7 18. Bh3 Ng6 19. Rfc1 Re8 20. Qb3 Re7 21. g3
Rc7 22. Rxc7 Qxc7 23. Rc1 Qd8 24. Qxb7 Rb8 25. Qxb8 Qxb8 26. Rc8+ Qxc8 27. Bxc8
Ne7 28. Ba6 Kf8 29. Bb5 Nc8 30. Kf1 Ke7 31. f3 Nb6 32. Ke2 Kd8 33. e4 dxe4 34.
fxe4 Nh7 35. Nc4 Nxc4 36. Bxc4 f6 37. Bd3 Nf8 38. Kf3 Nd7 39. h4 Nb6 40. h5 Na4
41. Bc1 Nb6 42. Kg4 Nd7 43. Bb2 Ke7 44. Bb5 Nf8 45. e5 fxe5 46. dxe5 Bc5 47.
Kf5 a5 48. Bc4 Nd7 49. Kg6 Kf8 50. e6 Nb6 51. Bxg7+ Ke7 52. Ba2 Bxa3 53. Bf6+
Ke8 54. Kxh6 Nc8 55. Kg7 Bf8+ 56. Kg6 Nd6 57. h6 Bxh6 58. Kxh6 Nf5+ 59. Kg6
Nxg3 60. e7 1-0

[Event "Krajsky prebor jednotlivcu KHSS"]
[Site "Janske Lazne"]
[Date "2015.05.10"]
[Round "8.27"]
[White "Svec, Ludek"]
[Black "Steiner, Pavel"]
[Result "1/2-1/2"]
[WhiteElo "1714"]
[BlackElo "1845"]
[PlyCount "109"]
[EventDate "2015.05.05"]

1. d4 d5 2. Nf3 Nf6 3. c4 e6 4. g3 Be7 5. Bg2 O-O 6. O-O b6 7. Nc3 Bb7 8. Qc2
Nbd7 9. Ne5 c6 10. Rd1 Rc8 11. e4 a6 12. Be3 dxc4 13. Nxc4 b5 14. Ne5 Qc7 15.
Nxd7 Qxd7 16. Qe2 Rfd8 17. Rac1 Qc7 18. e5 Ne8 19. Ne4 Qa5 20. a3 Rd7 21. Nc5
Bxc5 22. Rxc5 Qd8 23. Rdc1 Nc7 24. Bxc6 Bxc6 25. Rxc6 Ra8 26. Qc2 Nd5 27. Rc8
Rxc8 28. Qxc8 h6 29. Qxa6 Rc7 30. Rxc7 Nxc7 31. Qb6 Qd7 32. Qd6 Qc8 33. Bd2 Qb7
34. Bb4 Nd5 35. Ba5 Kh7 36. h4 h5 37. Bd2 Qc8 38. Qc5 Qb7 39. Bb4 Kg8 40. Kf1
Kh7 41. Ke2 Kg8 42. f3 Kh7 43. Qc2+ Kg8 44. Qe4 Qc6 45. Bc5 Qa8 46. Qc2 Qb7 47.
Qb3 Qc6 48. Kf2 Qa6 49. Qc2 Qc6 50. Qd1 Qa8 51. Qb3 Qc6 52. Qa2 Qa6 53. Qb3 Qc6
54. Qd3 Qa6 55. Qb3 1/2-1/2

[Event "Krajsky prebor jednotlivcu KHSS - Open"]
[Site "?"]
[Date "2015.05.05"]
[Round "1.2"]
[White "Kubelova, Sona"]
[Black "Dusbaba, Petr"]
[Result "0-1"]
[WhiteElo "1575"]
[BlackElo "1865"]
[PlyCount "96"]
[EventDate "2015.05.05"]

1. e4 c5 2. Nc3 Nc6 3. Nf3 d6 4. d4 cxd4 5. Nxd4 Nf6 6. Bc4 e6 7. O-O a6 8. Bg5
Be7 9. f4 Qb6 10. e5 Qxd4+ 11. Qxd4 Nxd4 12. exf6 gxf6 13. Bh4 Nxc2 14. Rac1
Ne3 15. Bb3 Nxf1 16. Kxf1 Bd7 17. f5 Rc8 18. Re1 Rc5 19. fxe6 Rf5+ 20. Kg1 Bxe6
21. Bc2 Re5 22. Rf1 f5 23. Bf2 Bg5 24. Kh1 Be3 25. Bh4 Rg8 26. Bf6 Rc5 27. Re1
Rg6 28. Bh8 Bd2 29. Re2 Bxc3 30. Bxc3 Kd7 31. a3 Rg4 32. Bb4 Re5 33. Rxe5 dxe5
34. h3 Rc4 35. Bd3 Rc1+ 36. Kh2 e4 37. Be2 Rc2 38. Bd1 Rxb2 39. Kg3 Kc6 40.
Ba4+ b5 41. Bd1 Ra2 42. h4 a5 43. Be7 Rd2 44. Bh5 Kd5 45. Kh2 f4 46. Kg1 Kc4
47. Kf1 Kb3 48. Bd8 Rxd8 0-1

[Event "Krajsky prebor jednotlivcu KHSS - Open"]
[Site "?"]
[Date "2015.05.05"]
[Round "1.4"]
[White "Vlkova, Anezka"]
[Black "Vavra, Stanislav"]
[Result "1-0"]
[WhiteElo "1564"]
[BlackElo "1850"]
[PlyCount "91"]
[EventDate "2015.05.05"]

1. e4 d5 2. exd5 Qxd5 3. Nc3 Qa5 4. d4 Nf6 5. Bd2 Qb6 6. Nf3 Bg4 7. Rb1 e6 8.
Be2 Be7 9. O-O O-O 10. h3 Bh5 11. Bf4 c6 12. Qd3 Nbd7 13. Ne5 Bxe2 14. Nxe2
Nxe5 15. dxe5 Nd5 16. Bd2 Rfd8 17. Qg3 Qa6 18. Bh6 Bf8 19. Nc3 Nxc3 20. bxc3
Kh8 21. Bg5 Rd5 22. Qg4 Kg8 23. Rb3 b6 24. c4 Rd7 25. Rg3 Qxa2 26. Bf6 g6 27.
h4 Qb2 28. h5 Bg7 29. Qf3 Bf8 30. hxg6 fxg6 31. Qg4 Re8 32. Qe4 c5 33. Qc6 Ree7
34. Bxe7 Rxe7 35. c3 Qe2 36. Rf3 Qxc4 37. Ra1 Bh6 38. Rf6 Bf8 39. Qc8 Rf7 40.
Rxf7 Kxf7 41. Rxa7+ Be7 42. Ra8 Kg7 43. Qe8 Qxc3 44. Qxe7+ Kh6 45. Qh4+ Kg7 46.
Ra7+ 1-0

[Event "Krajsky prebor jednotlivcu KHSS - Open"]
[Site "?"]
[Date "2015.05.05"]
[Round "1.8"]
[White "Simak, Roman"]
[Black "Haderka, Karel"]
[Result "1/2-1/2"]
[WhiteElo "1502"]
[BlackElo "1813"]
[PlyCount "69"]
[EventDate "2015.05.05"]

1. d4 d5 2. Nf3 Nf6 3. Bf4 Bf5 4. e3 c6 5. c4 Bxb1 6. Qxb1 Nh5 7. Bg3 e6 8. Be2
Bb4+ 9. Nd2 Nxg3 10. hxg3 Bxd2+ 11. Kxd2 h6 12. Qd3 dxc4 13. Qxc4 Nd7 14. Rad1
O-O 15. Kc2 Qa5 16. Kb1 Qf5+ 17. Qd3 Qxf2 18. g4 Qf6 19. Qe4 Qg6 20. Bd3 Qxe4
21. Bxe4 Nf6 22. Bf3 Nh7 23. e4 Rad8 24. d5 exd5 25. exd5 cxd5 26. Bxd5 b6 27.
Rhe1 Rd7 28. Bc6 Rc7 29. Rd6 Ng5 30. b4 Ne6 31. Bd5 Ng5 32. Bc6 Rfc8 33. b5 Ne6
34. Red1 g6 35. Bd7 1/2-1/2

[Event "Krajsky prebor jednotlivcu KHSS - Open"]
[Site "?"]
[Date "2015.05.05"]
[Round "1.10"]
[White "Jirousek, Tadeas"]
[Black "Mares, Ilja"]
[Result "0-1"]
[WhiteElo "1491"]
[BlackElo "1794"]
[PlyCount "98"]
[EventDate "2015.05.05"]

1. e4 d6 2. d4 Nf6 3. Nc3 g6 4. Bc4 Bg7 5. Nge2 O-O 6. f3 Nc6 7. Be3 e5 8. Qd2
exd4 9. Nxd4 Nxd4 10. Bxd4 Be6 11. Bxe6 fxe6 12. Be3 d5 13. Bg5 d4 14. Ne2 e5
15. O-O c5 16. Rfd1 b5 17. c3 Qb6 18. b4 cxb4 19. cxd4 exd4 20. Nxd4 a5 21. Be3
Rfd8 22. Qf2 Qb7 23. Ne6 Rxd1+ 24. Rxd1 Bf8 25. Nxf8 Rxf8 26. Bb6 Nxe4 27. Qe3
Nc3 28. Qe6+ Qf7 29. Qxf7+ Rxf7 30. Rd2 a4 31. Ba5 Nb1 32. Rc2 Na3 33. Rc8+ Kg7
34. Bxb4 Nc4 35. Rb8 Rf5 36. Bc3+ Kh6 37. Rb7 Rd5 38. Kf2 Nd6 39. Bg7+ Kg5 40.
h4+ Kf5 41. g4+ Ke6 42. Rb6 Kd7 43. Ke2 Kc7 44. Ra6 Kb7 45. Ra5 Nc4 46. Bc3
Nxa5 47. Bxa5 Kc6 48. Bb4 Rd4 49. a3 Rxb4 0-1

[Event "Krajsky prebor jednotlivcu KHSS - Open"]
[Site "?"]
[Date "2015.05.05"]
[Round "1.14"]
[White "Otrubova, Kristyna"]
[Black "Jukl, Karel"]
[Result "1/2-1/2"]
[WhiteElo "1440"]
[BlackElo "1752"]
[PlyCount "66"]
[EventDate "2015.05.05"]

1. d4 Nf6 2. c4 e6 3. Nc3 Bb4 4. Qc2 O-O 5. a3 Bxc3+ 6. Qxc3 Ne4 7. Qd3 d5 8.
cxd5 exd5 9. Bf4 c6 10. e3 Bf5 11. Qd1 Re8 12. Bd3 Bg6 13. Nf3 Nd7 14. O-O Ndf6
15. Ne5 Nh5 16. Nxg6 hxg6 17. Bxe4 Rxe4 18. Be5 Qg5 19. Re1 Nf6 20. Qf3 Re8 21.
Qg3 Rg4 22. Bxf6 gxf6 23. Qf3 Kg7 24. h3 Rh4 25. Kf1 Rhe4 26. Qd1 f5 27. Qb3
Qe7 28. Rac1 f4 29. Rc3 Qf6 30. Kg1 R8e7 31. Rd3 Qg5 32. Kf1 Qh5 33. f3 R4e6
1/2-1/2

[Event "Krajsky prebor jednotlivcu KHSS - Open"]
[Site "?"]
[Date "2015.05.05"]
[Round "1.15"]
[White "Vagner, Patrik"]
[Black "Zlamana, Tana"]
[Result "1-0"]
[WhiteElo "1747"]
[BlackElo "1438"]
[PlyCount "83"]
[EventDate "2015.05.05"]

1. d4 d5 2. c4 Nf6 3. cxd5 Nxd5 4. e4 Nb6 5. Nf3 e6 6. Bd3 Be7 7. O-O O-O 8.
Nc3 c6 9. Be3 N8d7 10. Re1 Nf6 11. Qc2 g6 12. Red1 Bd7 13. Ne5 Be8 14. Bh6 Nh5
15. Bxf8 Bxf8 16. Nf3 Bg7 17. Be2 Qc8 18. e5 Nf4 19. Ne4 Nfd5 20. Nd6 Qd7 21.
g3 Nc8 22. Nxc8 Rxc8 23. a3 a6 24. b4 Bh6 25. Rab1 Bf8 26. Ne1 Qc7 27. Nd3 Bd7
28. Nc5 Bxc5 29. bxc5 Rb8 30. Rb3 Bc8 31. Rdb1 Ra8 32. Bc4 Qd7 33. Bxd5 Qxd5
34. Qd3 Kg7 35. Qf3 Qxd4 36. Qf6+ Kf8 37. Rf3 Qd7 38. Qh8+ Ke7 39. Qxh7 Qe8 40.
Qh4+ Kd7 41. Qd4+ Ke7 42. Qd6# 1-0

[Event "Krajsky prebor jednotlivcu KHSS - Open"]
[Site "?"]
[Date "2015.05.05"]
[Round "1.16"]
[White "Trojtl, Jan"]
[Black "Burdilak, Milan"]
[Result "0-1"]
[WhiteElo "1410"]
[BlackElo "1743"]
[PlyCount "82"]
[EventDate "2015.05.05"]

1. e4 e6 2. d4 d5 3. exd5 exd5 4. Nc3 h6 5. Nf3 Bf5 6. Bf4 c6 7. Bd3 Bxd3 8.
Qxd3 Bd6 9. Bxd6 Qxd6 10. O-O Ne7 11. Rfe1 O-O 12. Re3 Ng6 13. Rae1 Nd7 14. Ne5
Ndxe5 15. dxe5 Qe6 16. g3 Rad8 17. Na4 Qg4 18. Nc5 Nf4 19. Qd1 Nh3+ 20. Kg2
Nf4+ 21. Kg1 Nh3+ 22. Kg2 Nf4+ 23. Kg1 Qxd1 24. Rxd1 Ne6 25. Nxb7 Rd7 26. Na5
Rc8 27. c4 d4 28. Red3 c5 29. a3 Rb8 30. Rb1 Rb6 31. b4 Ra6 32. Ra1 Rc7 33. f4
g6 34. Kf1 Rc8 35. Ke2 Rb8 36. Rb3 Rxa5 37. b5 Ra4 38. Kd3 Rb6 39. h3 a6 40.
Ra2 Nc7 41. Rab2 axb5 0-1

[Event "Krajsky prebor jednotlivcu KHSS - Open"]
[Site "?"]
[Date "2015.05.06"]
[Round "2.1"]
[White "Dusbaba, Petr"]
[Black "Simon, Petr"]
[Result "1/2-1/2"]
[WhiteElo "1865"]
[BlackElo "1759"]
[PlyCount "101"]
[EventDate "2015.05.05"]

1. e4 e6 2. d4 d5 3. Nd2 Nf6 4. e5 Nfd7 5. Bd3 c5 6. c3 Nc6 7. Ne2 cxd4 8. cxd4
f6 9. exf6 Nxf6 10. O-O Bd6 11. Nf3 O-O 12. Bg5 Qc7 13. Rc1 Qf7 14. a3 e5 15.
dxe5 Nxe5 16. Nfd4 Nxd3 17. Qxd3 Bxh2+ 18. Kxh2 Qh5+ 19. Kg1 Qxg5 20. f4 Qh5
21. Ng3 Qf7 22. Nb5 Bd7 23. Nc3 Rac8 24. Rcd1 Bc6 25. Nf5 Rcd8 26. Nd4 Rfe8 27.
Nf3 Qc7 28. Ne5 Qb6+ 29. Qd4 Qxb2 30. Ra1 Ne4 31. Rfc1 Nxc3 32. Qxc3 Qxc3 33.
Rxc3 Re6 34. Rac1 Rdd6 35. Kf2 Rf6 36. Kg3 h6 37. Rb3 g5 38. fxg5 Rf5 39. Nf3
hxg5 40. Kg4 Rdf6 41. Nxg5 Bd7 42. Rxb7 Rf1+ 43. Rxd7 Rxc1 44. Rxd5 Rc4+ 45.
Kh5 Rcc6 46. Rd8+ Rf8 47. Rd7 Ra6 48. Rd3 Ra5 49. Kg6 Ra6+ 50. Kh5 Ra5 51. Kg6
1/2-1/2

[Event "Krajsky prebor jednotlivcu KHSS - Open"]
[Site "?"]
[Date "2015.05.06"]
[Round "2.2"]
[White "Burdilak, Milan"]
[Black "Rastocny, Josef"]
[Result "0-1"]
[WhiteElo "1743"]
[BlackElo "1860"]
[PlyCount "114"]
[EventDate "2015.05.05"]

1. d4 Nf6 2. c4 g6 3. Nc3 Bg7 4. Nf3 d6 5. h3 O-O 6. e4 Nbd7 7. Bd3 e5 8. d5
Nc5 9. Bc2 a5 10. O-O Ne8 11. Be3 b6 12. Qd2 f5 13. Bh6 f4 14. Bxg7 Kxg7 15. a3
a4 16. Qd1 Bd7 17. b4 axb3 18. Bxb3 g5 19. Nd2 Qf6 20. Bc2 Qg6 21. f3 h5 22.
Kf2 Qf6 23. Rh1 Kf7 24. Qg1 Ke7 25. g4 fxg3+ 26. Qxg3 h4 27. Qh2 Ng7 28. Ne2
Nh5 29. Rhg1 Nf4 30. Nxf4 exf4 31. e5 dxe5 32. Ne4 Nxe4+ 33. Bxe4 Rg8 34. d6+
Qxd6 35. Rgd1 Qc5+ 36. Ke1 c6 37. Qc2 Qg1+ 38. Ke2 Qg2+ 39. Kd3 Qxc2+ 40. Kxc2
Bxh3 41. Bxc6 Rac8 42. Bd5 Be6 43. Kd3 Bxd5 44. cxd5 Kd6 45. Ke4 Rc5 46. Rab1
b5 47. Rb4 Ra8 48. Kf5 Rxa3 49. Kxg5 Rxf3 50. Kxh4 Rxd5 51. Rxd5+ Kxd5 52.
Rxb5+ Ke4 53. Kg5 Re3 54. Kg4 Rg3+ 55. Kh4 Rg8 56. Ra5 f3 57. Ra2 Kf4 0-1

[Event "Krajsky prebor jednotlivcu KHSS - Open"]
[Site "?"]
[Date "2015.05.06"]
[Round "2.4"]
[White "Lasek, Frantisek"]
[Black "Vagner, Patrik"]
[Result "1/2-1/2"]
[WhiteElo "1822"]
[BlackElo "1747"]
[PlyCount "23"]
[EventDate "2015.05.05"]

1. e3 d5 2. f4 Nf6 3. Nf3 Bg4 4. Be2 e6 5. O-O Be7 6. b3 O-O 7. Bb2 Nbd7 8. Ne5
Bxe2 9. Qxe2 Re8 10. d3 c6 11. Nd2 Rc8 12. Ndf3 1/2-1/2

[Event "Krajsky prebor jednotlivcu KHSS - Open"]
[Site "?"]
[Date "2015.05.06"]
[Round "2.5"]
[White "Otruba, Marek"]
[Black "Hejzlar, Zdenek"]
[Result "1-0"]
[WhiteElo "1629"]
[BlackElo "1820"]
[PlyCount "45"]
[EventDate "2015.05.05"]

1. d4 d5 2. Bf4 e6 3. e3 Bd6 4. Bg3 Nf6 5. Nf3 O-O 6. c4 Ne4 7. Nc3 Nxg3 8.
hxg3 c6 9. Qc2 f5 10. Bd3 Na6 11. a3 dxc4 12. Bxc4 Nc7 13. g4 Nd5 14. gxf5 exf5
15. Nxd5 cxd5 16. Bxd5+ Kh8 17. Ba2 Bd7 18. Qe2 g6 19. Rc1 Qa5+ 20. Qd2 Qxd2+
21. Kxd2 Kg7 22. Ng5 Rh8 23. Nf7 1-0

[Event "Krajsky prebor jednotlivcu KHSS - Open"]
[Site "?"]
[Date "2015.05.06"]
[Round "2.6"]
[White "Jansky, Pavel"]
[Black "Zanka, Jaroslav"]
[Result "1/2-1/2"]
[WhiteElo "1807"]
[BlackElo "1673"]
[PlyCount "51"]
[EventDate "2015.05.05"]

1. e4 c5 2. Nf3 Nc6 3. d4 cxd4 4. Nxd4 e5 5. Nb5 a6 6. Nd6+ Bxd6 7. Qxd6 Qf6 8.
Qa3 Nge7 9. c4 Qg6 10. Be3 Nd4 11. Qd3 Nec6 12. Bxd4 Nxd4 13. Nd2 Ne6 14. Qd6
f6 15. g3 Nd4 16. O-O-O Qg4 17. f4 Qe6 18. Qa3 Qe7 19. Qxe7+ Kxe7 20. fxe5 fxe5
21. Bg2 d6 22. Rhf1 Bg4 23. Bf3 Nxf3 24. Nxf3 Rhf8 25. Rd3 Rac8 26. b3 1/2-1/2

[Event "Krajsky prebor jednotlivcu KHSS - Open"]
[Site "?"]
[Date "2015.05.06"]
[Round "2.7"]
[White "Mares, Ilja"]
[Black "Zastava, Ladislav"]
[Result "1/2-1/2"]
[WhiteElo "1794"]
[BlackElo "1653"]
[PlyCount "84"]
[EventDate "2015.05.05"]

1. c4 Nf6 2. Nf3 e6 3. Nc3 c5 4. d4 cxd4 5. Nxd4 a6 6. Nc2 Nc6 7. e4 h6 8. Be2
Bc5 9. O-O O-O 10. a3 Nh7 11. b4 Ba7 12. Bf4 Qf6 13. Qd2 e5 14. Be3 Bxe3 15.
Qxe3 d6 16. Nd5 Qd8 17. Rad1 Be6 18. Nb6 Rb8 19. c5 Qg5 20. Rxd6 Qxe3 21. Nxe3
Nf6 22. f3 Nd4 23. Bc4 Rfd8 24. Bxe6 Nxe6 25. Rfd1 Nd4 26. Nec4 Rxd6 27. cxd6
Rd8 28. Kf2 Nc6 29. Ke3 Nd7 30. Nxd7 Rxd7 31. f4 f6 32. fxe5 fxe5 33. Nb6 Rd8
34. Rd5 Kf7 35. Nc4 Ke6 36. a4 Nxb4 37. Rxe5+ Kf6 38. Rc5 Nc6 39. e5+ Ke6 40.
Ke4 Rf8 41. Ne3 Rf2 42. Rd5 Re2 1/2-1/2

[Event "Krajsky prebor jednotlivcu KHSS - Open"]
[Site "?"]
[Date "2015.05.06"]
[Round "2.9"]
[White "Laloucek, Miroslav"]
[Black "Hatasova, Michaela"]
[Result "1-0"]
[WhiteElo "1760"]
[BlackElo "1627"]
[PlyCount "79"]
[EventDate "2015.05.05"]

1. d4 d5 2. Bg5 g6 3. g3 Bg7 4. Bg2 h6 5. Bc1 e6 6. Nf3 b6 7. O-O c5 8. dxc5
bxc5 9. c4 Ne7 10. cxd5 exd5 11. Qc2 Qb6 12. Nbd2 O-O 13. Nb3 Na6 14. Be3 d4
15. Bf4 Bb7 16. e3 Rac8 17. exd4 cxd4 18. Qd2 Nf5 19. g4 Bxf3 20. Bxf3 Nh4 21.
Be4 Rfe8 22. Bh1 Qe6 23. h3 g5 24. Bg3 Qf6 25. Bxh4 gxh4 26. Rac1 h5 27. g5 Qf5
28. Bg2 Rxc1 29. Nxc1 Nc5 30. Ne2 Ne4 31. Qf4 Qe6 32. Qxh4 Nxg5 33. Nxd4 Nxh3+
34. Bxh3 Qg6+ 35. Bg2 a6 36. b3 Bxd4 37. Qxd4 Re2 38. Rc1 Kh7 39. Kf1 Rxa2 40.
Be4 1-0

[Event "Krajsky prebor jednotlivcu KHSS - Open"]
[Site "?"]
[Date "2015.05.06"]
[Round "2.10"]
[White "Haderka, Karel"]
[Black "Vlkova, Anezka"]
[Result "0-1"]
[WhiteElo "1813"]
[BlackElo "1564"]
[PlyCount "78"]
[EventDate "2015.05.05"]

1. c4 e5 2. Nc3 Nc6 3. g3 g6 4. Bg2 Bg7 5. e3 f5 6. Nge2 Nf6 7. d4 e4 8. a3 O-O
9. Nf4 d6 10. h4 Qe8 11. h5 g5 12. h6 Bh8 13. Nfd5 Qf7 14. b4 Nxd5 15. Nxd5 g4
16. Qb3 Be6 17. Bf1 Rac8 18. Nf4 Nd8 19. Bb2 c6 20. d5 cxd5 21. cxd5 Bd7 22.
Rh5 Bf6 23. Rd1 Be8 24. Bd4 Bxd4 25. Rxd4 Qf6 26. Rh1 Bf7 27. Bc4 Kh8 28. Ke2
Bg8 29. Rh5 Nf7 30. Ne6 Rfe8 31. Bb5 Re7 32. Rc4 Rxc4 33. Qxc4 Qb2+ 34. Kf1 a6
35. Bxa6 bxa6 36. Qxa6 Ne5 37. Qxd6 Nd3 38. Rh2 Qc1+ 39. Kg2 Ne1+ 0-1

[Event "Krajsky prebor jednotlivcu KHSS - Open"]
[Site "?"]
[Date "2015.05.06"]
[Round "2.11"]
[White "Jukl, Karel"]
[Black "Simak, Roman"]
[Result "1/2-1/2"]
[WhiteElo "1752"]
[BlackElo "1502"]
[PlyCount "112"]
[EventDate "2015.05.05"]

1. d4 f5 2. Bf4 Nf6 3. e3 e6 4. c4 Be7 5. Nc3 b6 6. Nf3 O-O 7. h3 Bb7 8. Be2 h6
9. Qc2 d6 10. O-O Nbd7 11. Rfd1 Ne4 12. Nd2 Nxc3 13. Qxc3 Bf6 14. Bf3 Bxf3 15.
Nxf3 Qe7 16. Rac1 e5 17. Bg3 e4 18. Ne1 c6 19. Qb3 Kh8 20. Qc2 Bh4 21. Bh2 Bf6
22. c5 dxc5 23. dxc5 Ne5 24. cxb6 axb6 25. Qb3 Qf7 26. Qxf7 Nxf7 27. Rxc6 Rxa2
28. Rxb6 Rxb2 29. Rxb2 Bxb2 30. Nc2 Be5 31. Nd4 Bxh2+ 32. Kxh2 g6 33. Ne6 Re8
34. Nf4 Kg7 35. Rd7 g5 36. Ne2 Rd8 37. Rxd8 Nxd8 38. Kg3 Kf6 39. f3 Ne6 40.
fxe4 fxe4 41. Kg4 Kg6 42. Ng3 Nc5 43. h4 gxh4 44. Kxh4 Kg7 45. Kh5 Kh7 46. Nf5
Nd3 47. Nxh6 Ne1 48. g3 Nf3 49. Ng4 Nd2 50. Nf6+ Kg7 51. Kg5 Nf1 52. Nxe4 Nxe3
53. Kf4 Nd5+ 54. Kg5 Ne3 55. Nd6 Nf1 56. g4 Ne3 1/2-1/2

[Event "Krajsky prebor jednotlivcu KHSS - Open"]
[Site "?"]
[Date "2015.05.06"]
[Round "2.12"]
[White "Drasnar, Pavel"]
[Black "Otrubova, Kristyna"]
[Result "1-0"]
[WhiteElo "1658"]
[BlackElo "1440"]
[PlyCount "53"]
[EventDate "2015.05.05"]

1. e4 e6 2. d4 d5 3. e5 c5 4. c3 Nc6 5. Nf3 Qb6 6. a3 c4 7. g3 Bd7 8. Bh3 Na5
9. Nbd2 Ne7 10. O-O g6 11. Rb1 Rc8 12. Re1 h5 13. Nf1 Nb3 14. Ne3 Ba4 15. Qe2
Bh6 16. Nd2 Nc6 17. Nxd5 Qa6 18. Nxb3 Bxb3 19. Bxh6 Rxh6 20. Qe3 Rh8 21. Qg5
Qb5 22. Nf6+ Kf8 23. Re2 Rd8 24. Ne4 Qd5 25. Qf6 Rg8 26. Ng5 Ba4 27. Qxf7# 1-0

[Event "Krajsky prebor jednotlivcu KHSS - Open"]
[Site "?"]
[Date "2015.05.06"]
[Round "2.15"]
[White "Zlamana, Tana"]
[Black "Kubelova, Sona"]
[Result "0-1"]
[WhiteElo "1438"]
[BlackElo "1575"]
[PlyCount "98"]
[EventDate "2015.05.05"]

1. d4 d5 2. c4 e6 3. Nc3 c6 4. Nf3 dxc4 5. Bg5 f6 6. Bf4 Bb4 7. h3 b5 8. a3 Ba5
9. e3 Ne7 10. Qc2 Nd5 11. Bh2 O-O 12. Be2 Nd7 13. O-O Bb7 14. Ne4 Bc7 15. Nd6
Ba6 16. e4 Ne7 17. b3 Nb6 18. e5 Bxd6 19. exd6 Nf5 20. bxc4 bxc4 21. Qe4 Qd7
22. Rfc1 Nxd6 23. Bxd6 Qxd6 24. Qc2 c5 25. Qc3 Rac8 26. Rd1 Nd5 27. Qc1 cxd4
28. Rxd4 Qc5 29. Ra2 Rc6 30. Bxc4 Bxc4 31. Rxc4 Qxc4 32. Qxc4 Rxc4 33. Nd2 Rc1+
34. Kh2 Rfc8 35. Nf3 R8c2 36. Rxc2 Rxc2 37. Kg3 Ra2 38. Nd4 Kf7 39. Nb5 a6 40.
Nd6+ Ke7 41. Nc4 Rc2 42. Na5 Rc3+ 43. f3 Rxa3 44. Nc6+ Kd7 45. Nd4 a5 46. Nb5
Ra2 47. Nd4 a4 48. Nb5 a3 49. Nxa3 Rxa3 0-1

[Event "Krajsky prebor jednotlivcu KHSS - Open"]
[Site "?"]
[Date "2015.05.06"]
[Round "3.2"]
[White "Vochozka, Jindrich"]
[Black "Otruba, Marek"]
[Result "1-0"]
[WhiteElo "1777"]
[BlackElo "1629"]
[PlyCount "81"]
[EventDate "2015.05.05"]

1. d4 d5 2. c4 e6 3. Nc3 f5 4. e3 Nf6 5. Nf3 c6 6. a3 Bd6 7. c5 Bc7 8. b4 O-O
9. Bb2 Nbd7 10. Ne2 Ne4 11. Nf4 Ndf6 12. h3 Qe7 13. Ne5 Bd7 14. g3 Be8 15. Be2
Kh8 16. Rg1 Nd7 17. f3 Nef6 18. Kd2 Nxe5 19. dxe5 Nd7 20. Nd3 b6 21. Bd4 Bh5
22. g4 fxg4 23. hxg4 Bg6 24. f4 Bxd3 25. Bxd3 bxc5 26. bxc5 Nxc5 27. Ke2 Nxd3
28. Qxd3 c5 29. Rh1 g6 30. Bc3 Kg8 31. Rh6 Rf7 32. Rah1 Raf8 33. Qxg6+ Kh8 34.
Qxe6 Qxe6 35. Rxe6 Rd8 36. Rc6 d4 37. Ba1 d3+ 38. Kf3 Re7 39. e6+ Kg8 40. f5
Rf8 41. f6 1-0

[Event "Krajsky prebor jednotlivcu KHSS - Open"]
[Site "?"]
[Date "2015.05.06"]
[Round "3.3"]
[White "Vlkova, Anezka"]
[Black "Laloucek, Miroslav"]
[Result "1-0"]
[WhiteElo "1564"]
[BlackElo "1760"]
[PlyCount "83"]
[EventDate "2015.05.05"]

1. e4 d5 2. exd5 Qxd5 3. Nc3 Qd8 4. Nf3 Nf6 5. Bc4 e6 6. d4 Be7 7. O-O O-O 8.
Bf4 a6 9. Qd3 b5 10. Bb3 Bb7 11. Rad1 Nbd7 12. Ne2 c5 13. c4 b4 14. Bc2 Be4 15.
Qd2 Bxf3 16. gxf3 Qb6 17. Be5 Rad8 18. Qe3 cxd4 19. Bxd4 Bc5 20. Kh1 e5 21.
Bxc5 Qxc5 22. b3 Rfe8 23. Rg1 h6 24. Qxh6 Qf8 25. Rxd7 Rxd7 26. Qxf6 Rd2 27.
Qf5 e4 28. Bxe4 g6 29. Rxg6+ fxg6 30. Qxg6+ Qg7 31. Qxe8+ Qf8 32. Bd5+ Kg7 33.
Qd7+ Kh6 34. Qe6+ Kg7 35. Qg4+ Kh6 36. Nf4 Rd1+ 37. Kg2 Qg7 38. Qxg7+ Kxg7 39.
Bb7 a5 40. c5 Kf6 41. c6 Ke7 42. c7 1-0

[Event "Krajsky prebor jednotlivcu KHSS - Open"]
[Site "?"]
[Date "2015.05.06"]
[Round "3.5"]
[White "Simon, Petr"]
[Black "Lasek, Frantisek"]
[Result "1/2-1/2"]
[WhiteElo "1759"]
[BlackElo "1822"]
[PlyCount "59"]
[EventDate "2015.05.05"]

1. e4 e5 2. Nf3 f5 3. d3 d6 4. Nc3 Nf6 5. Bg5 Be7 6. Qd2 c5 7. O-O-O Nc6 8. h3
Be6 9. Kb1 Qa5 10. Bxf6 Bxf6 11. Nd5 Qxd2 12. Nxf6+ gxf6 13. Rxd2 Rg8 14. Ne1
Rg7 15. f3 f4 16. c3 a6 17. Nc2 d5 18. d4 cxd4 19. cxd4 Rd8 20. exd5 Bxd5 21.
Bd3 exd4 22. Rhd1 h6 23. Bf1 Rgd7 24. b3 Be6 25. Bd3 Kf7 26. Be4 Bd5 27. Bf5
Be6 28. Be4 Bd5 29. Bf5 Be6 30. Be4 1/2-1/2

[Event "Krajsky prebor jednotlivcu KHSS - Open"]
[Site "?"]
[Date "2015.05.06"]
[Round "3.6"]
[White "Zastava, Ladislav"]
[Black "Jansky, Pavel"]
[Result "1/2-1/2"]
[WhiteElo "1653"]
[BlackElo "1807"]
[PlyCount "73"]
[EventDate "2015.05.05"]

1. c4 Nf6 2. d4 d5 3. c5 Nc6 4. Nf3 Bg4 5. e3 e5 6. Be2 e4 7. Nfd2 Bxe2 8. Qxe2
a6 9. a3 b6 10. b4 Be7 11. O-O O-O 12. Nc3 Qc8 13. f3 Re8 14. fxe4 dxe4 15.
Ndxe4 Nxe4 16. Nxe4 Qe6 17. Nc3 Qg6 18. Qf3 bxc5 19. bxc5 Na5 20. Nd5 Rac8 21.
Rb1 Qxb1 22. Qxf7+ Kh8 23. Nxe7 Ra8 24. Nd5 Qb8 25. Qxc7 Nb3 26. Qc6 Nxc1 27.
Rxc1 Rf8 28. Rf1 Rxf1+ 29. Kxf1 Qb1+ 30. Kf2 Rf8+ 31. Nf4 g5 32. Qd6 Qf5 33. g3
gxf4 34. gxf4 Qc2+ 35. Kf3 Qd1+ 36. Kf2 Qd2+ 37. Kf3 1/2-1/2

[Event "Krajsky prebor jednotlivcu KHSS - Open"]
[Site "?"]
[Date "2015.05.06"]
[Round "3.7"]
[White "Zanka, Jaroslav"]
[Black "Mares, Ilja"]
[Result "0-1"]
[WhiteElo "1673"]
[BlackElo "1794"]
[PlyCount "74"]
[EventDate "2015.05.05"]

1. e4 c5 2. Nf3 a6 3. c4 Nf6 4. Nc3 g6 5. d3 Bg7 6. Be2 O-O 7. Be3 d6 8. h3 b6
9. Qd2 Nc6 10. O-O Bb7 11. Bh6 Kh8 12. Bxg7+ Kxg7 13. Nh2 e6 14. f4 Qd7 15. Ng4
Nxg4 16. hxg4 f5 17. gxf5 exf5 18. Nd5 Qd8 19. Qe3 Nd4 20. Rac1 Bxd5 21. cxd5
Qd7 22. e5 dxe5 23. Qxe5+ Kg8 24. d6 Rae8 25. Qd5+ Kg7 26. Bf3 Rf6 27. Qc4 a5
28. Kf2 Rxd6 29. Rcd1 Rde6 30. Qc3 Qe7 31. Rde1 Rxe1 32. Rxe1 Qxe1+ 33. Qxe1
Rxe1 34. Kxe1 Nxf3+ 35. gxf3 Kf6 36. Kf2 Ke6 37. Ke3 Kd5 0-1